000 00360nam a22001337a 4500
020 _qPB.
040 _cFIZZA ISHAQ
082 _a371.144
_bJAM
100 _aNOLAN,JAMES.
_9132282
245 _aTEACHER SUPERVISION AND EVALUATION THEORY IN TO PRACTICE /
_cJAMES NOLAN.
260 _aNEW YORK;
_bWILEY,
_c2005.
300 _a356 P. ;
_c10.2X7IN
942 _2ddc
_cBK
999 _c615517
_d615517